La redencion del pecado (segunda parte de los pobres de Madrid) (Record no. 160183)

MARC details
000 -LEADER
campo de control de longitud fija 01137nam a22001935i 4500
001 - NÚMERO DE CONTROL
campo de control 160183
003 - IDENTIFICADOR DE NÚMERO DE CONTROL
campo de control ES-MaACL
005 - FECHA Y HORA DE LA ÚLTIMA TRANSACCIÓN
campo de control 20230906211947.0
008 - DATOS DE LONGITUD FIJA--INFORMACIÓN GENERAL
campo de control de longitud fija 020130s1875 sp |||| | spa d
040 ## - FUENTE DE CATALOGACIÓN
Centro catalogador/agencia de origen CAM
Lengua de catalogación spa
Centro/agencia transcriptor CAM
100 1# - ENTRADA PRINCIPAL--NOMBRE DE PERSONA
Nombre de persona Moreno, Pedro José.
9 (RLIN) 130192
245 13 - MENCIÓN DEL TÍTULO
Título La redencion del pecado (segunda parte de los pobres de Madrid)
Resto del título : drama en siete cuadros y en prosa /
Mención de responsabilidad, etc. original de Pedro J. Moreno y José Olier.
260 ## - PUBLICACIÓN, DISTRIBUCIÓN, ETC.
Lugar de publicación, distribución, etc. Madrid :
Nombre del editor, distribuidor, etc. [s.n.],
Fecha de publicación, distribución, etc. 1875 (
Fabricante Imprenta de Pedro Abienzo)
300 ## - DESCRIPCIÓN FÍSICA
Extensión 72 p. ;
Dimensiones 19 cm.
500 ## - NOTA GENERAL
Nota general En port.: Estrenado la noche del 10 de abril de 1875 en el Teatro de Novedades y representado en la del 14 delante de S.M. y A.R.
596 ## - NOTA AL PIE DE IMPRENTA
NOTA AL PIE DE IMPRENTA Al v. de port. consta : "... Galería Dramática y Lírica, titulada El Teatro, de D. Eduardo Hidalgo..."
700 1# - ENTRADA AGREGADA--NOMBRE PERSONAL
Nombre de persona Olier, José.
9 (RLIN) 130609
852 ## - LOCALIZACIÓN
Ubicación ES-MaACL
Número de control de estantería F-8595(8)
Nota libre -- Enc. pasta española
-- -- Ex-libris ms. de Raimundo Andiano, Santoña 1875
-- -- Dedicatoria ms. de J. Olier al actor Raymundo Andiano
condición física .- Falto de la cub. original
Nota libre .- Enc. en un vol. facticio formando parte de la col. facticia "Teatro español moderno", vol. 48
Holdings
Estatus retirado Estado de pérdida Estado de daño No para préstamo Colección Biblioteca de origen Biblioteca actual Ubicación en estantería Fecha de adquisición Total de préstamos Signatura topográfica completa Código de barras Visto por última vez Precio de reemplazo Tipo de ítem Koha
        Libros del s. XIX Biblioteca del Ateneo de Madrid Biblioteca del Ateneo de Madrid Sala Pecera Planta 2 17/01/2008   F-8595(8) 1167702 23/02/2023 23/02/2023 Libro impreso antiguo